00397nam a2200157Ia 45000010006000000050017000060080041000230410008000640820015000721000046000872450068001332600009002013000013002106500008002236540008002311610420260306170245.0260306t2007||||xx |||||||||||||| ||und|| aESP a346.6bS71 aSoto Coaguila, Carlos Alberto [Dir.]eAUT 0aTratado de la interpretación del contrato en América Latina c2007 ac25 cm. aGEN aCDE